Lo barroco de la cotidianidad en "elogio de la madrastra"
Αποθηκεύτηκε σε:
| Κύριοι συγγραφείς: | , , |
|---|---|
| Μορφή: | Άγνωστο |
| Έκδοση: |
Colombia:
Universidad de Medellín,
|
| Θέματα: | |
| Ετικέτες: |
Προσθήκη ετικέτας
Δεν υπάρχουν, Καταχωρήστε ετικέτα πρώτοι!
|
MARC
| LEADER | 000000000a22000000004500 | ||
|---|---|---|---|
| 001 | 000113 | ||
| 100 | 1 | |a Pareja Laverde, Luz Dary | |
| 100 | 1 | |a Montoya de Bolaños, Isabel | |
| 100 | 1 | |a Guzman Boom, Gabriel Eduardo | |
| 245 | 1 | 0 | |a Lo barroco de la cotidianidad en "elogio de la madrastra" |
| 260 | |a Colombia: |b Universidad de Medellín, | ||
| 310 | |a mensual | ||
| 650 | 4 | |a ELOGIO DE LA MADRASTRA | |
| 650 | 4 | |a LITERATURA PERUANA | |
| 650 | 4 | |a NOVELA | |
| 773 | 0 | |t Con-Textos: Revista de Semiótica Literaria | |
| 773 | 0 | |g 3 | |
| 773 | 0 | |g 19 | |
| 773 | 0 | |g 1997 | |
| 773 | 0 | |g 75-83 | |
| 999 | |c 871 |d 871 | ||
